Different CNY things - Statistics

General Stats
  • This quiz has been taken 4 times
  • The average score is 2 of 9
Answer Stats
Hint Answer % Correct
Kaching Ang bao
100%
Not Bai Bai cause I got that confused way too many times Bai nian
50%
🌞🤞🍪 Fortune cookie
50%
🤡🫵😙💃🕺👯‍♀️🪩 Gong xi ni
0%
Clothes Hanfu
0%
BEG Kowtow
0%
Orange Orange
0%
Comeback home (mufasa didn’t fr) Reunion dinner
0%
Choo choo Steamboat
0%
No matching quizzes found
Score Distribution
Percent of People with Each Score
Percentile by Number Answered
Your Score History
You have not taken this quiz